000 00550nam a2200217Ia 4500
005 20250508164715.0
008 008 250505s9999 xx 000 0 hin d
020 _a5-03-000302-9
037 _aTextual
040 _aFEDL
_beng
_cFEDL
041 _ahin
_2eng
084 _a530, VEN
_qFEDL
100 _aVenetsky S I
_9778922
245 0 _aKahaniyang dhatuong ki
260 _aMoscow
_bMir Prakashan
_c1988
300 _a287p.
365 _aINR
_b60
546 _aMACESE
942 _cTEXL
_h530, VEN
999 _c1390673
_d1390673